Ciencias sociales 7 /
Guardado en:
| Autor Principal: | |
|---|---|
| Otros Autores: | , , , , |
| Formato: | Libro |
| Publicado: |
Buenos Aires :
Aique ,
2000
|
| Series: | Colección Libros y +
|
| Materias: | |
| Etiquetas: |
Agregar Etiqueta
Sin Etiquetas, Sea el primero en etiquetar este registro!
|
| LEADER | 02066nam a22003735a 4500 | ||
|---|---|---|---|
| 001 | CEM.cems010572 | ||
| 005 | 20080228083921.0 | ||
| 008 | 130507s2000##################000#0#####d | ||
| 003 | CEMS | ||
| 020 | |a 9507016643 | ||
| 082 | 0 | 4 | |a Z302 |
| 100 | 1 | |a Alonso, María Ernestina | |
| 245 | 1 | 0 | |a Ciencias sociales 7 / |c María Ernestina Alonso... [et Al.] |
| 260 | |a Buenos Aires : |b Aique , |c 2000 | ||
| 300 | |a 271 p. | ||
| 490 | 0 | |a Colección Libros y + | |
| 500 | |a Para 7°año Egb | ||
| 505 | 0 | |a El mundo contemporáneo: sociedades entre problemas y utopías -- Los territorios del mundo contemporáneo -- Los primeros seres humanos y las primeras formas de organización social -- Las sociedades tributarias del mediterráneo oriental -- Las antiguas sociedades esclavistas del mediterráneo occidental -- La sociedad feudal en Europa Occidental -- De la expansión a la crisis de la sociedad feudal -- Ambiente, sociedad y recursos -- El trabajo y las actividades económicas -- Población y calidad de vida -- La organización de los espacios rurales y urbanos -- El transporte, la circulación y el comercio en el mundo contemporáneo | |
| 653 | |a Ciencias sociales | ||
| 653 | |a Ciencias sociales-7º egb | ||
| 653 | |a Historia contemporánea | ||
| 653 | |a Hombre prehistórico | ||
| 700 | 1 | |a Blanco, Jorge | |
| 700 | 1 | |a Fernández Caso, María Victoria | |
| 700 | 1 | |a Gurevich, Raquel | |
| 700 | 1 | |a Soletic, María de los Angeles | |
| 700 | 1 | |a Vázquez, Enrique C. | |
| 859 | |a CEMS |b BIB. CEMS - 11 de abril |h Z302 |i AL64-1 |p 21109.01 |t Ej.1 |v 7º |3 7º | ||
| 859 | |a CEMS |b BIB. CEMS - 11 de abril |h Z302 |i AL64-1 |p 21219.01 |t Ej.2 |v 7º |3 7º | ||
| 859 | |a CEMS |b BIB. CEMS - 11 de abril |h Z302 |i AL64-1 |p 21220.01 |t Ej.3 |v 7º |3 7º | ||
| 859 | |a CEMS |b BIB. CEMS - 11 de abril |h Z302 |i AL64-1 |p 21304.01 |t Ej.4 |v 7º |3 7º | ||
| 859 | |a CEMS |b BIB. CEMS - 11 de abril |h Z302 |i AL64-1 |p 21305.01 |t Ej.5 |v 7º |3 7º | ||
| 859 | |a CEMS |b BIB. CEMS - 11 de abril |h Z302 |i AL64-1 |p 21306.01 |t Ej.6 |v 7º |3 7º | ||
| 859 | |a CEMS |b BIB. CEMS - 11 de abril |h Z302 |i AL64-1 |p 24009.07 |t Ej.7 |v 7º |3 7º | ||
